Declaración del FSLN sobre la mujer /
El Frente Sandinista de Liberación Nacional realizó una declaración de compromiso político y moral con la lucha por los derechos de la mujer nicaragüense , contra la posición subordinada de la mujer en la sociedad y en la familia, por la responsabilidad paterna, contra el maltrato físico y moral y c...
Guardado en:
| Autor principal: | |
|---|---|
| Formato: | Texto |
| Materias: | |
| Etiquetas: |
Agregar Etiqueta
Sin Etiquetas, Sea el primero en etiquetar este registro!
|
MARC
| LEADER | 00000 a a2200000 04500 | ||
|---|---|---|---|
| 001 | 12143 | ||
| 003 | |||
| 040 | |||
| 100 | |a Robb, Deborah | ||
| 245 | |a Declaración del FSLN sobre la mujer / |c Deborah Robb | ||
| 520 | |a El Frente Sandinista de Liberación Nacional realizó una declaración de compromiso político y moral con la lucha por los derechos de la mujer nicaragüense , contra la posición subordinada de la mujer en la sociedad y en la familia, por la responsabilidad paterna, contra el maltrato físico y moral y contra el machismo. AA/mb | ||
| 650 | |a MUJERES | ||
| 650 | |a DERECHOS DE LA MUJER | ||
| 650 | |a DISCRIMINACION BASADA EN EL SEXO | ||
| 650 | |a DERECHOS HUMANOS | ||
| 650 | |a JUSTICIA SOCIAL | ||
| 650 | |a MOVIMIENTOS DE LIBERACION NACIONAL | ||
| 773 | |g número 41; páginas 9-11 | ||
| 999 | |c 30193 |d 30193 | ||
